Matemática 4; guías teórico-practicas /
Guardado en:
| Autor Principal: | |
|---|---|
| Formato: | Libro |
| Publicado: |
Buenos Aires :
A-z,
1992
|
| Materias: | |
| Etiquetas: |
Agregar Etiqueta
Sin Etiquetas, Sea el primero en etiquetar este registro!
|
| LEADER | 02072nam a22003015a 4500 | ||
|---|---|---|---|
| 001 | CEM.cems002009 | ||
| 008 | 130507s1992##################000#0#####d | ||
| 005 | 20241204104207.0 | ||
| 245 | 1 | 0 | |a Matemática 4; guías teórico-practicas / |c Irene Marchetti de De Simone y Margarita García de Turner. |
| 260 | |a Buenos Aires : |b A-z, |c 1992 | ||
| 300 | |a 554 p. | ||
| 505 | 0 | |a Concepto de n£mero real. Radicaci¢n. Logaritmaci¢n. Concepto de n£mero complejo. Forma bin¢mica de un n£mero complejo. Representaci¢n gr fica de los n£meros complejos. Revisi¢n del concepto de funci¢n. Funci¢n lineal. Ecuaciones de la recta. Funci¢n cuadratica. Ecuaciones de segundo grado. Inecuaciones de segundo grado. Funciones racionales. Funciones irracionales. Funci¢n exponencial. Funci¢n logar¡tmica. Ecuaciones exponenciales y logar¡tmicas. Sucesiones y series. Sucesiones aritméticas. Sucesiones geométricas. Rectas y planos en el espacio. Poliedros. Areas y vol£menes. Permutaciones. Variaciones. Combinaciones. Probabilidad. Variable aleatorias. Estad¡stica. | |
| 020 | |a 9505341725 | ||
| 100 | 1 | |a De Simone, Irene M. De | |
| 082 | 0 | 4 | |a 510 |
| 653 | |a Donacion c. basico | ||
| 653 | |a Matematica | ||
| 859 | |a CEMS |b BIB. CEMS - Agricultura |h 510 |i D460a3 |p A17860.94 |t Ej.1 |v 4 |3 4 | ||
| 859 | |a CEMS |b BIB. CEMS - 11 de abril |h 510 |i D461 |p 16612.92 |t Ej.1 |v IV |3 IV | ||
| 859 | |a CEMS |b BIB. CEMS - 11 de abril |h 510 |i D461 |p 16613.92 |t Ej.2 |v IV |3 IV | ||
| 859 | |a CEMS |b BIB. CEMS - 11 de abril |h 510 |i D461 |p 16614.92 |t Ej.3 |v IV |3 IV | ||
| 859 | |a CEMS |b BIB. CEMS - 11 de abril |h 510 |i D461 |p 16615.92 |t Ej.4 |v IV |3 IV | ||
| 859 | |a CEMS |b BIB. CEMS - 11 de abril |h 510 |i D461 |p 17501.94 |t Ej.6 |v IV |3 IV | ||
| 859 | |a CEMS |b BIB. CEMS - 11 de abril |h 510 |i D461 |p 17502.94 |t Ej.7 |v IV |3 IV | ||
| 859 | |a CEMS |b BIB. CEMS - 11 de abril |h 510 |i D461 |p 20088.98 |t Ej.8 |v IV |3 IV | ||
| 859 | |a CEMS |b BIB. CEMS - 11 de abril |h 510 |i D461 |p 20089.98 |t Ej.9 |v IV |3 IV | ||
| 859 | |a CEMS |b BIB. CEMS - 11 de abril |h 510 |i D461 |p 20090.98 |t Ej.10 |v IV |3 IV | ||
| 859 | |a CEMS |b BIB. CEMS - 11 de abril |h 510 |i D461 |p 20116.98 |t Ej.11 |v IV |3 IV | ||
